| 000 | 01385nam1a2200301 i 4500 | ||
|---|---|---|---|
| 001 | RU\NLR\bibl\314434 | ||
| 005 | 20241103111828.0 | ||
| 035 | _a(NLR Aleph) 000309532 | ||
| 090 |
_a30893 _c30893 |
||
| 100 | _a20021004g20009999u y0rusy50 ca | ||
| 101 | 0 | _arus | |
| 102 | _aRU | ||
| 105 | _aa ||||||||| | ||
| 200 | 1 |
_aОборудование торговых предприятий _eУчеб. пособие _fБ.М. Кисимов _gМ-во образования РОс. Федерации, Юж.-Ур. гос. ун-т. Каф. "Технология продуктов обществ. питания" |
|
| 210 |
_aЧелябинск _cИзд-во ЮУрГУ _d2000 |
||
| 215 | _d21 | ||
| 463 | 0 | _1001302374 | |
| 463 | 0 | _1001305019 | |
| 606 |
_aТорговые предприятия _jРуководства, пособия и т.п. для высшей школы _xОборудование _91358678 _3RU\NLR\auth\66253707 |
||
| 606 |
_aТорговые предприятия _jУчебные издания для высшей школы _xОборудование _91358678 _3RU\NLR\auth\66253707 |
||
| 686 | _aУ42(2)-571.1я73 | ||
| 700 | 1 |
_aКисимов _bБ. М. _gБорис Михайлович _4070 |
|
| 801 | 0 |
_aRU _bNLR _c20021004 _gPSBO |
|
| 801 | 1 |
_aRU _bNLR _c20021004 |
|
| 830 | _aавт. по кн. | ||
| 852 |
_aNLR _j2002-4/10465 |
||
| 942 | _cBOOK | ||